000 00584cam a2200205ua 4500
001 10799
005 20260515114649.0
008 190404n ii |||gr||||Z||||||eng
020 _a9788183333047
040 _cMAIN
082 _a005.5
245 _aDTP course :
_bcomplete book for learning better and faster /
_cBy Satish Jain and M Geetha .
250 _a2nd rev ed.
260 _aNew Delhi:
_bBPB publications,
_c2014.
300 _a495p.
653 _aComputer programming, programs & data
700 _aSatish Jain,
_eAuthor.
700 _aM Geetha,
_eAuthor.
942 _cBK
999 _c9750
_d9750